| 000 | 01574 a2200253 4500 | ||
|---|---|---|---|
| 001 | 61134 | ||
| 005 | 20260407155902.0 | ||
| 008 | 260407a1996 arg spa d | ||
| 003 | AR-UNSa-BCEJYS | ||
| 040 |
_aAR-UNSa-BCEJYS _bspa _cAR-UNSa-BCEJYS |
||
| 080 |
_a658 _xAdministración de empresas. Organización comercial |
||
| 245 | 1 | 0 | _aAdministración |
| 020 | _a978-968-880-705-7 | ||
| 250 | _a5a. ed. | ||
| 264 | 1 |
_aMéxico : _bPrentice-Hall Hispanoamericana _c1996 |
|
| 300 |
_axxiv, 770 p. _c25 cm. |
||
| 505 | _a1. Los gerentes y la administración - 2. La evolución de la administración – 3. La cultura organizacional y el entorno: Las restricciones – 4. Administración en un entorno global – 5. Responsabilidad social y ética gerencial – 6. Toma de decisiones: La esencia de la labor del gerente – 7. Fundamentos de la planificación – 8. Administración estratégica – 9. Herramientas y técnicas de planificación – 10. Estructura y diseño de la organización – 11. Administración de recursos humanos – 12. Administración del cambio y la innovación – 13. Fundamentos del comportamiento – 14. Estudio de grupos y equipos – 15. Cómo motivar a los empleados – 16. Liderazgo – 17. Comunicación y habilidades interpersonales – 18. Fundamentos del control – 19. Administración de operaciones – 20. Herramientas y técnicas de control - | ||
| 041 | _aspa | ||
| 942 | _cBK | ||
| 590 | _aniveau_biblio:m niveau_hierar:0 | ||
| 100 | 1 | _aRobbins, Stephen P. | |
| 700 | 1 | _aCoulter, Mary | |
| 700 | 1 | _aOrtiz Staines, Manuel | |
| 999 |
_c7238 _d7238 |
||